000 00904cam a2200277 i 4500
003 DO-SdBNP
005 20250304094004.0
007 ta
008 751003s2017 sp 000 f spa d
020 _a9788415089001
040 _aDO-SdBNP
_bspa
_cBNPHU
_erda
082 _axxx
_bS847
_222
100 1 _aStevenson, Robert Louis,
_d1850- 1894
_eautor
_4aut.
_91070
245 1 3 _aEl extraño caso del Dr. Jekyll & Mr. Hyde /
_cRobert Louis Stevenson ; traducción,Benjamín Briggent
250 _aquinta edición
264 1 _aBarcelona, España :
_bPlutón ediciones,
_c2017.
300 _a121 páginas ;
_c19 cm.
336 _atexto
_btxt
_2rdacontent
337 _asin mediación
_bn
_2rdamedia
338 _avolumen
_bnc
_2rdacarrier
490 1 _aMisterio
590 _aInventariado, 2023/ YL
700 1 _aBriggent, Benjamín,
_etraductor
_4tr.
_942669
910 _aYlockward
942 _2ddc
_cLBS1
999 _c55057
_d55057